Podzial Administracyjny Wloch - Statystyki

Ogólne statystyki
  • Ten quiz został rozwiązany 252 razy
  • Średni wynik to 11 z 20
Statystyki odpowiedzi
Odpowiedź % Poprawnych
Sycylia
90%
Sardynia
89%
Friuli-Wenecja Julijska
78%
Wenecja Euganejska
78%
Toskania
73%
Lacjum
68%
Lombardia
68%
Piemont
63%
Kalabria
48%
Kampania
48%
Apulia
45%
Liguria
44%
Dolina Aosty
43%
Trydent-Górna Adyga
43%
Abruzja
41%
Umbria
41%
Emilia-Romania
37%
Marche
33%
Basilicata
32%
Molise
28%
Nie znaleziono quizów pasujących do podanych kryteriów
Rozkład punktacji
Procent ludzi z każdym wynikiem
Percentyl według liczby udzielonych odpowiedzi
Twoja historia wyników
Nie rozwiązałeś tego quizu